000
00307nam a22001457a 4500
020
_a
978-93-5316-636-6
041
_a
ENG
100
_a
Singh R
245
_a
Indian Economy
250
_a
11 th
260
_a
New delhi
_b
Mc Graw Hill
_c
2019
300
_a
G35
650
_a
UPSC
856
_u
Competitive Exam
999
_c
205
_d
205